Communes of Benin with a Map - Statistics

General Stats
  • This quiz has been taken 201 times
  • The average score is 34 of 77
Answers on the Map
Answers color-coded by a green-red scale on the quiz's map according to % correct below.
 
Answer Stats
Department Commune % Correct
Oueme Porto-Novo
88%
Littoral Cotonou
82%
Zou Abomey
62%
Borgou Parakou
62%
Zou Bohicon
58%
Collines Savalou
58%
Collines Save
58%
Alibori Kandi
57%
Alibori Malanville
56%
Atlantique Ouidah
56%
Alibori Banikoara
54%
Donga Djougou
54%
Mono Grand-Popo
53%
Mono Lokossa
53%
Borgou Nikki
52%
Atlantique Allada
51%
Borgou Bembereke
51%
Collines Dassa-Zoume
51%
Borgou Tchaourou
51%
Zou Cove
50%
Mono Come
49%
Collines Glazoue
49%
Plateau Pobe
49%
Atlantique Abomey-Calavi
48%
Collines Bante
47%
Collines Ouesse
47%
Donga Bassila
46%
Atacora Natitingou
46%
Couffo Dogbo
44%
Plateau Ketou
44%
Couffo Lalo
44%
Mono Athieme
43%
Oueme Bonou
43%
Oueme Dangbo
43%
Zou Djidja
43%
Alibori Karimama
43%
Zou Zogbodomey
43%
Zou Agbangnizoun
42%
Alibori Segbana
42%
Couffo Aplahoue
41%
Mono Bopa
41%
Donga Copargo
41%
Couffo Djakotomey
41%
Donga Ouake
41%
Borgou Perere
41%
Oueme Seme-Kpodji
41%
Borgou Sinende
41%
Atlantique So-Ava
41%
Atlantique Toffo
41%
Couffo Toviklin
41%
Atlantique Ze
41%
Oueme Aguegues
40%
Couffo Klouekanme
40%
Borgou N'Dali
40%
Zou Zagnanado
40%
Oueme Adjarra
39%
Oueme Adjohoun
39%
Borgou Kalale
39%
Atacora Kerou
39%
Atlantique Kpomasse
39%
Zou Ouinhi
39%
Mono Houeyogbe
38%
Plateau Sakete
38%
Atacora Tanguieta
38%
Alibori Gogounou
37%
Plateau Adja-Ouere
36%
Plateau Ifangni
36%
Zou Za-Kpota
36%
Atacora Toucountouna
34%
Atacora Materi
33%
Atacora Kouande
32%
Atacora Pehunco
32%
Atlantique Tori-Bossito
32%
Oueme Avrankou
31%
Oueme Akpo-Misserete
26%
Atacora Boukombe
26%
Atacora Kobli
26%
No matching quizzes found
Score Distribution
Percent of People with Each Score
Percentile by Number Answered
Your Score History
You have not taken this quiz